Magical interpretations, material realities : (Record no. 123131)
[ view plain ]
| 000 -LEADER | |
|---|---|
| fixed length control field | 02516cam a22003134a 4500 |
| 001 - CONTROL NUMBER | |
| control field | 12479559 |
| 003 - CONTROL NUMBER IDENTIFIER | |
| control field | ARRUPE |
| 005 - DATE AND TIME OF LATEST TRANSACTION | |
| control field | 20150908083709.0 |
| 008 - FIXED-LENGTH DATA ELEMENTS--GENERAL INFORMATION | |
| fixed length control field | 010723s2001 enka b 001 0 eng |
| 010 ## - LIBRARY OF CONGRESS CONTROL NUMBER | |
| LC control number | 2001048185 |
| 020 ## - INTERNATIONAL STANDARD BOOK NUMBER | |
| International Standard Book Number | 0415258669 |
| 020 ## - INTERNATIONAL STANDARD BOOK NUMBER | |
| International Standard Book Number | 0415258677 (pbk.) |
| 040 ## - CATALOGING SOURCE | |
| Original cataloging agency | DLC |
| Transcribing agency | DLC |
| Modifying agency | DLC |
| 042 ## - AUTHENTICATION CODE | |
| Authentication code | pcc |
| 043 ## - GEOGRAPHIC AREA CODE | |
| Geographic area code | fb----- |
| 050 00 - LIBRARY OF CONGRESS CALL NUMBER | |
| Classification number | BF1584.A357 |
| Item number | M34 2001 |
| 082 00 - DEWEY DECIMAL CLASSIFICATION NUMBER | |
| Classification number | 133.4/3/096 |
| Edition number | 21 |
| 300 ## - PHYSICAL DESCRIPTION | |
| Other physical details | ill. ; |
| Dimensions | 24 cm. |
| 245 00 - TITLE STATEMENT | |
| Title | Magical interpretations, material realities : |
| Remainder of title | modernity, witchcraft, and the occult in postcolonial Africa / |
| Statement of responsibility, etc | edited by Henrietta L. Moore and Todd Sanders. |
| 260 ## - PUBLICATION, DISTRIBUTION, ETC. (IMPRINT) | |
| Place of publication, distribution, etc | London ; |
| -- | New York : |
| Name of publisher, distributor, etc | Routledge, |
| Date of publication, distribution, etc | 2001. |
| 300 ## - PHYSICAL DESCRIPTION | |
| Extent | xiii, 253 p. : |
| 504 ## - BIBLIOGRAPHY, ETC. NOTE | |
| Bibliography, etc | Includes bibliographical references and index. |
| 505 8# - FORMATTED CONTENTS NOTE | |
| Formatted contents note | Machine generated contents note: List of figures ix -- List of contributors xi 1 Magical interpretations and material realities: an introduction 1 -- HENRIETTA L. MOORE AND TODD SANDERS --2 Delusions of development and the enrichment of witchcraft discourses in Cameroon 28 -- FRANCIS B. NYAMNJOH --3 Cannibal transformations: colonialism and commodification in the Sierra Leone hinterland 50 -- ROSALIND SHAW --4 Vulture men, campus cultists and teenaged witches: modern magics in Nigerian popular media 71 -- MISTY L. BASTIAN --5 Witchcraft and scepticism by proxy: Pentecostalism and laughter in urban Malawi 97 -- RIJK VAN DIJK --6 Black market, free market: anti-witchcraft shrines and fetishes among the Akan 118 -- JANE PARISH --7 Betrayal or affirmation? Transformations in witchcraft technologies of power, danger and agency among the Tuareg of Niger 136 -- SUSAN RASMUSSEN --8 Save our skins: structural adjustment, morality and the occult in Tanzania 160 -- TODD SANDERS --9 Witchcraft in the new South Africa: from colonial superstition to postcolonial reality? 184 -- ISAK NIEHAUS --10 On living in a world with witches: everyday epistemology and spiritual insecurity in a modern African city (Soweto) 206 -- ADAM ASHFORTH --11 Witchcraft, development and paranoia in Cameroon: interactions between popular, academic and state discourse 226 -- CYPRIAN F. FISIY AND PETER GESCHIERE --. |
| 650 #0 - SUBJECT ADDED ENTRY--TOPICAL TERM | |
| Topical term or geographic name as entry element | Witchcraft |
| Geographic subdivision | Africa, Sub-Saharan. |
| 9 (RLIN) | 18889 |
| 700 1# - ADDED ENTRY--PERSONAL NAME | |
| Personal name | Moore, Henrietta L. |
| 9 (RLIN) | 6135 |
| 700 1# - ADDED ENTRY--PERSONAL NAME | |
| Personal name | Sanders, Todd, |
| Dates associated with a name | 1965- |
| 9 (RLIN) | 18890 |
| 906 ## - LOCAL DATA ELEMENT F, LDF (RLIN) | |
| a | 7 |
| b | cbc |
| c | orignew |
| d | 1 |
| e | ocip |
| f | 20 |
| g | y-gencatlg |
| 942 ## - ADDED ENTRY ELEMENTS (KOHA) | |
| Source of classification or shelving scheme | Library of Congress Classification |
| Koha item type | Monograph ( Printed materials) |
| Withdrawn status | Lost status | Source of classification or shelving scheme | Damaged status | Not for loan | Collection code | Home library | Current library | Shelving location | Date acquired | Total Checkouts | Full call number | Barcode | Date last seen | Date checked out | Price effective from | Koha item type |
|---|---|---|---|---|---|---|---|---|---|---|---|---|---|---|---|---|
| Library of Congress Classification | Main Collection | ARRUPE LIBRARY | ARRUPE LIBRARY | Main Collection | 26/08/2015 | 5 | BF1584.A357 M34 2001 | 46500004173 | 11/04/2023 | 04/04/2023 | 26/08/2015 | Monograph ( Printed materials) |